• 首页
  • 本馆介绍
  • 公告通知
  • 最新文献
  • 馆藏检索
  • 电子资源
  • 读者导购
  • 参考咨询
  • 我的图书馆
  • 登录
  • 详细信息显示
  • 放入我的书架
  • 预约/预借图书
  • 作者相关作品
  • 分类相关作品
  • 丛书相关作品
  • 出版社相关作品

书目信息

  • 表格格式
  • 工作单格式
  • 卡片格式
题名:
青少年发展与教育心理学
    
 
作者: 张清 , 刘蕾 主编
分册:  
出版信息: 北京   北京大学出版社  2017.08
页数: 237页
开本: 26cm
丛书名:
单 册:
中图分类: B844.2 , G44
科图分类:
主题词: 青少年心理学--qing shao nian xin li xue--师资培训--教材 , 教育心理学--jiao yu xin li xue--师资培训--教材
电子资源:
ISBN: 978-7-301-28605-0
000 01075nam0 2200277 450
001 0109110026
005 20201109110332.0
010    @a978-7-301-28605-0@dCNY45.00
100    @a20171018e20202017em y0chiy50 ea
101 0  @achi
102    @aCN@b110000
105    @aa z 000yy
106    @ar
200 1  @a青少年发展与教育心理学@Aqing shao nian fa zhan yu jiao yu xin li xue@f张清, 刘蕾主编
210    @a北京@c北京大学出版社@d2017.08@h2020.01
215    @a237页@c图@d26cm
300    @a普通高等教育“十三五”规划教材21世纪教师教育系列教材
330    @a本书共八章,内容包括:青少年发展与教育心理学概述、青少年心理发展的基本理论、小学生心理发展与教育、初中生心理发展与教育、高中生心理发展与教育、学习心理及教学应用、教学心理及应用、课堂管理心理。
606 0  @a青少年心理学@Aqing shao nian xin li xue@x师资培训@j教材
606 0  @a教育心理学@Ajiao yu xin li xue@x师资培训@j教材
690    @aB844.2@v5
690    @aG44@v5
701  0 @a张清@Azhang qing@4主编
701  0 @a刘蕾@Aliu lei@4主编
801  0 @aCN@bBJSZM@c20201103
905    @b1264116-20@dB844.2@e3693@f5
    
    青少年发展与教育心理学/张清, 刘蕾主编.-北京:北京大学出版社,2017.08(2020.01)
    237页:图;26cm
    普通高等教育“十三五”规划教材21世纪教师教育系列教材
    
    ISBN 978-7-301-28605-0:CNY45.00
    本书共八章,内容包括:青少年发展与教育心理学概述、青少年心理发展的基本理论、小学生心理发展与教育、初中生心理发展与教育、高中生心理发展与教育、学习心理及教学应用、教学心理及应用、课堂管理心理。
●
相关链接 在E读中查询图书 在五车中查询图书 在当当中查询图书 在豆瓣中查询图书


正题名:青少年发展与教育心理学     索取号:B844.2/3693         预约/预借

序号 登录号 条形码 馆藏地/架位号 状态 备注
1 1264116   212641168   第一样本阅览室/ [索取号:B844.2/3693] 在馆    
2 1264117   212641177   教育系资料室/ [索取号:B844.2/3693] 在馆    
3 1264118   212641186   教育系资料室/ [索取号:B844.2/3693] 在馆    
4 1264119   212641195   第一借阅区/ [索取号:B844.2/3693] 在馆    
5 1264120   212641202   第一借阅区/ [索取号:B844.2/3693] 在馆    
唐山师范学院图书馆 欢迎您!
大连网信软件有限公司© 版权所有